Gran Premi del Campionato mondiale di Formula 1 2023 - Statistics

Statistiche generali
  • Questo quiz è stato fatto 14 volte
  • Il punteggio medio è 17 su 22
Statistiche sulle risposte
Data Gran Premio % Corretto
2 aprile Gran Premio d'Australia
100%
30 luglio Gran Premio del Belgio
92%
24 settembre Gran Premio del Giappone
92%
3 settembre Gran Premio d'Italia
92%
19 marzo Gran Premio d'Arabia Saudita
85%
26 novembre Gran Premio di Abu Dhabi
85%
29 ottobre Gran Premio di Città del Messico
85%
28 maggio Gran Premio di Monaco
85%
17 settembre Gran Premio di Singapore
85%
4 giugno Gran Premio di Spagna
85%
30 aprile Gran Premio d'Azerbaigian
77%
7 maggio Gran Premio d Miami
77%
23 luglio Gran Premio d'Ungheria
77%
2 luglio Gran Premio d'Austria
69%
22 ottobre Gran Premio degli Stati Uniti
69%
5 marzo Gran Premio del Bahrein
69%
18 giugno Gran Premio del Canada
69%
8 ottobre Gran Premio del Qatar
69%
5 novembre Gran Premio di San Paolo
69%
9 luglio Gran Premio di Gran Bretagna
62%
18 novembre Gran Premio di Las Vegas
62%
27 agosto Gran Premio d'Olanda
62%
Nessun quiz corrispondente trovato
Distribuzione punteggi
Percentuale di utenti per punteggio
Percentile per numero di risposta
I tuoi punteggi nel tempo
Non hai fatto questo quiz